| 000 | 01193nam0a2200337 4500 | ||
|---|---|---|---|
| 001 | RU\NLR\BIBL_A\022528625 | ||
| 005 | 20250708145831.0 | ||
| 010 |
_a978-5-04-210232-5 _93000 |
||
| 021 |
_aRU _bКН-П-25-012726 _9КН-П-25-1280 |
||
| 035 | _a(NLR Aleph) 022528625 | ||
| 090 |
_a13450503 _c13450503 |
||
| 100 | _a20250423d2025 u y0rusy50 ca | ||
| 101 | 1 |
_arus _ceng |
|
| 102 | _aRU | ||
| 105 | _ao z 000ay | ||
| 181 | 0 |
_ai _baxxe |
|
| 182 | 0 | _an | |
| 200 | 1 |
_aФлирт или вбрасывание _fЛия Бруннер |
|
| 203 |
_aТекст _bвизуальный _cнепосредственный |
||
| 210 |
_aМосква _cЭксмо, Freedom _d2025 |
||
| 215 |
_a409, [4] с. _cил. _d21 |
||
| 225 | 1 |
_aFreedom _iХоккеисты Вашингтон Иглз _eспортивные бестселлеры Лии Бруннер |
|
| 333 | _a16+ | ||
| 686 | 1 | _aШ6(7США)67-440.4{Лх1979-50} | |
| 700 | 1 |
_7ca _8rus _aБруннер _bЛ. _gЛия _92649608 _3RU\NLR\AUTH\770277641 |
|
| 942 | _cBOOK | ||
| 980 | _aNB | ||
| 980 | _aNB | ||